Kodaishi no nazo : Matsumoto Seichō taidan /

Saved in:
Bibliographic Details
Main Author: Matsumoto, Seichō, 1909-
Format: Book
Language:Japanese
Published: Tōkyō : Aoki Shoten, 1974.
Subjects:
Tags: Add Tag
No Tags, Be the first to tag this record!
LEADER 00897nam a2200265 a 4500
001 007528131-7
005 20024617120653.0
008 920925s1974 ja a 000 0 jpn
010 |a 74807134 /J 
015 |a Ja74-10684 
035 0 |a ocm26835980 
035 0 |a ocm26835980  |z ocm03781565 
040 |a DLC  |c NN  |d OCoLC  |d *YNH*  |d CStRLIN 
043 |a a-ja--- 
050 0 |a DS855  |b .M34 
100 1 |6 880-01  |a Matsumoto, Seichō,  |d 1909- 
245 1 0 |6 880-02  |a Kodaishi no nazo :  |b Matsumoto Seichō taidan /  |c Matsumoto Seichō ... [et al.] 
260 |6 880-03  |a Tōkyō :  |b Aoki Shoten,  |c 1974. 
300 |a 274 p. :  |b ill. ;  |c 20 cm. 
651 0 |a Japan  |x History  |y To 645  |x Historiography. 
880 1 |6 100-01  |a 松本清張,  |d 1909- 
880 1 0 |6 245-02  |a 古代史の謎 :  |b 松本清張対談 /  |c 松本清張 ... [et al.] 
880 |6 260-03  |a 東京 :  |b 青木書店,  |c 1974. 
988 |a 20021217 
906 |0 DLC